|
|
|
|
| LEADER |
02479nam a2200457 4500 |
| 001 |
978-3-319-91192-2 |
| 003 |
DE-He213 |
| 005 |
20191022172332.0 |
| 007 |
cr nn 008mamaa |
| 008 |
180516s2019 gw | s |||| 0|eng d |
| 020 |
|
|
|a 9783319911922
|9 978-3-319-91192-2
|
| 024 |
7 |
|
|a 10.1007/978-3-319-91192-2
|2 doi
|
| 040 |
|
|
|d GrThAP
|
| 050 |
|
4 |
|a Q342
|
| 072 |
|
7 |
|a UYQ
|2 bicssc
|
| 072 |
|
7 |
|a TEC009000
|2 bisacsh
|
| 072 |
|
7 |
|a UYQ
|2 thema
|
| 082 |
0 |
4 |
|a 006.3
|2 23
|
| 245 |
1 |
0 |
|a Cybernetics and Algorithms in Intelligent Systems
|h [electronic resource] :
|b Proceedings of 7th Computer Science On-line Conference 2018, Volume 3 /
|c edited by Radek Silhavy.
|
| 250 |
|
|
|a 1st ed. 2019.
|
| 264 |
|
1 |
|a Cham :
|b Springer International Publishing :
|b Imprint: Springer,
|c 2019.
|
| 300 |
|
|
|a XIV, 452 p. 188 illus.
|b online resource.
|
| 336 |
|
|
|a text
|b txt
|2 rdacontent
|
| 337 |
|
|
|a computer
|b c
|2 rdamedia
|
| 338 |
|
|
|a online resource
|b cr
|2 rdacarrier
|
| 347 |
|
|
|a text file
|b PDF
|2 rda
|
| 490 |
1 |
|
|a Advances in Intelligent Systems and Computing,
|x 2194-5357 ;
|v 765
|
| 520 |
|
|
|a This book presents new approaches and methods applied to real-world problems, and in particular, exploratory research relating to novel approaches in the field of cybernetics and automation control theory. Particularly focusing on modern trends in selected fields of interest, it presents new algorithms and methods in intelligent systems in cybernetics. This book constitutes the third volume of the refereed proceedings of the Cybernetics and Algorithms in Intelligent Systems Section of the 7th Computer Science On-line Conference 2018 (CSOC 2018), held online in April 2018.
|
| 650 |
|
0 |
|a Computational intelligence.
|
| 650 |
|
0 |
|a Artificial intelligence.
|
| 650 |
1 |
4 |
|a Computational Intelligence.
|0 http://scigraph.springernature.com/things/product-market-codes/T11014
|
| 650 |
2 |
4 |
|a Artificial Intelligence.
|0 http://scigraph.springernature.com/things/product-market-codes/I21000
|
| 700 |
1 |
|
|a Silhavy, Radek.
|e editor.
|4 edt
|4 http://id.loc.gov/vocabulary/relators/edt
|
| 710 |
2 |
|
|a SpringerLink (Online service)
|
| 773 |
0 |
|
|t Springer eBooks
|
| 776 |
0 |
8 |
|i Printed edition:
|z 9783319911915
|
| 776 |
0 |
8 |
|i Printed edition:
|z 9783319911939
|
| 830 |
|
0 |
|a Advances in Intelligent Systems and Computing,
|x 2194-5357 ;
|v 765
|
| 856 |
4 |
0 |
|u https://doi.org/10.1007/978-3-319-91192-2
|z Full Text via HEAL-Link
|
| 912 |
|
|
|a ZDB-2-INR
|
| 950 |
|
|
|a Intelligent Technologies and Robotics (Springer-42732)
|